[Event "IECC CL4-2006.01 email"]
[Site "IECC email"]
[Date "2006.01.23"]
[Round "?"]
[White "Dooms, Stefan"]
[Black "Basson, Heinrich"]
[Result "0-1"]
[WhiteElo "1486"]
[BlackElo "1771"]
[PlyCount "52"]
[EventDate "2006.??.??"]
[EventType "tourn (corr)"]
[EventRounds "4"]
[SourceTitle "Corr 2008"]
[Source "ChessBase"]
[SourceDate "2008.06.24"]
[SourceVersion "1"]
[SourceVersionDate "2008.06.24"]
[SourceQuality "1"]

1. e4 e5 2. Nf3 Nc6 3. Bb5 a6 4. Ba4 Nf6 5. d3 Bc5 6. c3 b5 7. Bb3 Qe7 8. 0-0 0-0 9. Re1 d6 10. h3 Na5 11. Bc2 Bb6 12. Nbd2 c6 13. Nf1 Be6 14. Ng3 Rfe8 15. b3 Nb7 16. Bb2 a5 17. d4 a4 18. bxa4 Na5 19. axb5 Nc4 20. Bc1 cxb5 21. Bb3 Rec8 22. dxe5 dxe5 23. Bg5 h6 24. Bc1 Nd7 25. Qe2 Nc5 26. Be3 Nxb3 0-1

[Event "IECC P-4072"]
[Site "IECC email"]
[Date "2006.01.23"]
[Round "?"]
[White "Dooms, Stefan"]
[Black "Blackman, Leon"]
[Result "0-1"]
[WhiteElo "1461"]
[BlackElo "1582"]
[PlyCount "28"]
[EventDate "2006.??.??"]
[EventType "tourn (corr)"]
[EventRounds "1"]
[SourceTitle "Corr 2008"]
[Source "ChessBase"]
[SourceDate "2008.06.24"]
[SourceVersion "1"]
[SourceVersionDate "2008.06.24"]
[SourceQuality "1"]

1. e4 c5 2. Nf3 d6 3. c4 Nf6 4. Nc3 Nc6 5. d4 Bg4 6. d5 Nd4 7. Be2 Bxf3 8. Bxf3 g6 9. Be3 Nxf3+ 10. Qxf3 Bg7 11. 0-0 0-0 12. Qe2 a6 13. Qd2 Ng4 14. h3 Nxe3 0-1

[Event "IECC M-5409"]
[Site "IECC email"]
[Date "2006.01.21"]
[Round "?"]
[White "Dooms, Stefan"]
[Black "Basson, Heinrich"]
[Result "0-1"]
[WhiteElo "1494"]
[BlackElo "1761"]
[PlyCount "24"]
[EventDate "2006.??.??"]
[EventType "tourn (corr)"]
[EventRounds "10"]
[SourceTitle "Corr 2020"]
[Source "ChessBase"]
[SourceDate "2019.09.30"]
[SourceVersion "1"]
[SourceVersionDate "2019.09.30"]
[SourceQuality "1"]
[WhiteTeam "Belgium"]
[BlackTeam "South Africa"]
[WhiteTeamCountry "BEL"]
[BlackTeamCountry "RSA"]

1. e4 e5 2. Nf3 Nc6 3. Bb5 a6 4. Ba4 Nf6 5. d3 Bc5 6. c3 b5 7. Bc2 d5 8. exd5 Qxd5 9. h3 0-0 10. 0-0 Bf5 11. Nxe5 Qxe5 12. d4 Bxc2 0-1

[Event "IECG QB.2006.0.00072"]
[Site "IECG email"]
[Date "2006.01.20"]
[Round "?"]
[White "Dooms, Stefan"]
[Black "Kovacevic, Antun"]
[Result "0-1"]
[WhiteElo "1864"]
[BlackElo "1943"]
[PlyCount "32"]
[EventDate "2006.01.20"]
[EventType "tourn (corr)"]
[EventRounds "6"]
[SourceTitle "Corr 2008"]
[Source "ChessBase"]
[SourceDate "2008.06.24"]
[SourceVersion "1"]
[SourceVersionDate "2008.06.24"]
[SourceQuality "1"]

1. e4 c5 2. Nf3 d6 3. c4 Nf6 4. Nc3 e5 5. g3 Nc6 6. Bg2 Be7 7. 0-0 0-0 8. d3 a6 9. h3 Kh8 10. Ne1 Nd4 11. f4 b5 12. cxb5 axb5 13. f5 Bb7 14. Be3 b4 15. Ne2 d5 16. Nxd4 exd4 0-1

[Event "IECC M-5392"]
[Site "IECC email"]
[Date "2005.12.24"]
[Round "?"]
[White "Dooms, Stefan"]
[Black "Winfield, Mark David"]
[Result "1/2-1/2"]
[WhiteElo "1409"]
[BlackElo "1523"]
[PlyCount "60"]
[EventDate "2005.??.??"]
[EventType "tourn (corr)"]
[EventRounds "10"]
[SourceTitle "Corr 2020"]
[Source "ChessBase"]
[SourceDate "2019.09.30"]
[SourceVersion "1"]
[SourceVersionDate "2019.09.30"]
[SourceQuality "1"]
[WhiteTeam "Belgium"]
[BlackTeam "England"]
[WhiteTeamCountry "BEL"]
[BlackTeamCountry "ENG"]

1. e4 e6 2. d4 d5 3. exd5 exd5 4. Bd3 Nf6 5. Bf4 Bd6 6. Ne2 0-0 7. 0-0 Bg4 8. f3 Be6 9. c3 Nh5 10. Bxd6 Qxd6 11. Re1 Re8 12. Qc2 g6 13. Nd2 Nc6 14. Nf1 Bd7 15. Nfg3 Nxg3 16. Nxg3 Re6 17. Kf2 Rae8 18. Qd2 Rxe1 19. Rxe1 Rxe1 20. Qxe1 Qf4 21. Qe3 Qh4 22. Kg1 Qe7 23. Qxe7 Nxe7 24. Kf2 Kg7 25. Ke3 Kf6 26. b3 a5 27. Kf2 Nf5 28. Nxf5 Bxf5 29. Bxf5 Kxf5 30. g3 h5 1/2-1/2

[Event "IECC M-5381"]
[Site "IECC email"]
[Date "2005.12.10"]
[Round "?"]
[White "Dooms, Stefan"]
[Black "Winfield, Mark David"]
[Result "0-1"]
[WhiteElo "1652"]
[BlackElo "1586"]
[PlyCount "80"]
[EventDate "2005.??.??"]
[EventType "tourn (corr)"]
[EventRounds "10"]
[SourceTitle "Corr 2008"]
[Source "ChessBase"]
[SourceDate "2008.06.24"]
[SourceVersion "1"]
[SourceVersionDate "2008.06.24"]
[SourceQuality "1"]

1. e4 e6 2. d4 d5 3. exd5 exd5 4. Bd3 Nf6 5. Bf4 Bd6 6. Ne2 0-0 7. 0-0 Bg4 8. f3 Be6 9. c3 Nh5 10. Bxd6 Qxd6 11. Qc2 g6 12. Nd2 Nc6 13. Rfe1 Rfe8 14. Nf1 Bd7 15. Nfg3 Nxg3 16. Nxg3 Re6 17. Kf2 Rae8 18. Qd2 Rxe1 19. Rxe1 Rxe1 20. Qxe1 Qf4 21. Qe3 Qh4 22. Kg1 Qe7 23. Kf2 Qh4 24. Kg1 Qe7 25. Nf1 Kg7 26. g3 Qxe3+ 27. Nxe3 Ne7 28. Kf2 Kf6 29. b3 c6 30. h4 Nf5 31. Nxf5 Bxf5 32. Bxf5 Kxf5 33. Ke3 h5 34. a3 a5 35. a4 b5 36. Kd3 g5 37. hxg5 Kxg5 38. Ke3 f5 39. Kf2 f4 40. Kg2 fxg3 0-1

[Event "IECG C1.1999.0.00249"]
[Site "IECG email"]
[Date "1999.12.13"]
[Round "?"]
[White "Dooms, Stefan"]
[Black "Schild, Reinhard"]
[Result "0-1"]
[WhiteElo "1874"]
[BlackElo "1939"]
[PlyCount "64"]
[EventDate "1999.12.13"]
[EventType "tourn (corr)"]
[EventRounds "6"]
[SourceTitle "Corr 2008"]
[Source "ChessBase"]
[SourceDate "2008.06.24"]
[SourceVersion "1"]
[SourceVersionDate "2008.06.24"]
[SourceQuality "1"]

1. e4 e5 2. Nf3 Nc6 3. Bb5 Nf6 4. 0-0 Bc5 5. c3 0-0 6. Re1 d6 7. h3 a6 8. Ba4 b5 9. Bc2 Bb6 10. d4 exd4 11. cxd4 Re8 12. a3 Bb7 13. Nc3 h6 14. Bf4 Ne7 15. Qd2 Ng6 16. Bh2 Qd7 17. Rad1 Re7 18. Re2 Rae8 19. Rde1 c5 20. dxc5 dxc5 21. Qxd7 Nxd7 22. Nd2 c4 23. Kf1 Nc5 24. Nd5 Re6 25. Nxb6 Rxb6 26. e5 Bd5 27. Ne4 Nd3 28. Bxd3 cxd3 29. Rd2 Nh4 30. f3 Rc8 31. Kf2 Rc2 32. Red1 b4 0-1

[Event "IECG C1.1999.0.00249"]
[Site "IECG email"]
[Date "1999.12.13"]
[Round "?"]
[White "Fuzishawa, Richard Mitsuo"]
[Black "Dooms, Stefan"]
[Result "1-0"]
[WhiteElo "1861"]
[BlackElo "1874"]
[PlyCount "39"]
[EventDate "1999.12.13"]
[EventType "tourn (corr)"]
[EventRounds "6"]
[SourceTitle "Corr 2008"]
[Source "ChessBase"]
[SourceDate "2008.06.24"]
[SourceVersion "1"]
[SourceVersionDate "2008.06.24"]
[SourceQuality "1"]

1. e4 Nf6 2. e5 Nd5 3. d4 d6 4. Nf3 Bg4 5. Be2 e6 6. 0-0 Be7 7. c4 Nb6 8. Nc3 0-0 9. Be3 Nc6 10. exd6 cxd6 11. d5 Ne5 12. Nxe5 Bxe2 13. Qxe2 dxe5 14. dxe6 fxe6 15. Rad1 Qc7 16. b3 Bf6 17. c5 Nd7 18. Qc4 Kh8 19. Nb5 Qc8 20. Nd6 1-0

[Event "IECC M email"]
[Site "IECC email"]
[Date "1999.10.16"]
[Round "?"]
[White "Smits, Mark"]
[Black "Dooms, Stefan"]
[Result "1-0"]
[WhiteElo "1805"]
[BlackElo "1771"]
[PlyCount "37"]
[EventDate "1999.??.??"]
[EventType "tourn (corr)"]
[EventRounds "6"]
[SourceTitle "Corr 2008"]
[Source "ChessBase"]
[SourceDate "2008.06.24"]
[SourceVersion "1"]
[SourceVersionDate "2008.06.24"]
[SourceQuality "1"]

1. e4 Nf6 2. e5 Nd5 3. d4 d6 4. Nf3 Bg4 5. Be2 c6 6. 0-0 Bxf3 7. Bxf3 dxe5 8. dxe5 e6 9. Nd2 Nd7 10. Re1 Qc7 11. Nc4 b5 12. Bxd5 cxd5 13. Nd6+ Bxd6 14. Qxd5 Rc8 15. exd6 Qxc2 16. Rxe6+ fxe6 17. Qxe6+ Kf8 18. Bg5 Nf6 19. d7 1-0

[Event "IECC M email"]
[Site "IECC email"]
[Date "1999.10.11"]
[Round "?"]
[White "Armatti, Frank Anthony"]
[Black "Dooms, Stefan"]
[Result "1-0"]
[WhiteElo "1677"]
[BlackElo "1757"]
[PlyCount "51"]
[EventDate "1999.??.??"]
[EventType "tourn (corr)"]
[EventRounds "6"]
[SourceTitle "Corr 2008"]
[Source "ChessBase"]
[SourceDate "2008.06.24"]
[SourceVersion "1"]
[SourceVersionDate "2008.06.24"]
[SourceQuality "1"]

1. e4 Nf6 2. e5 Nd5 3. d4 d6 4. Nf3 Bg4 5. Be2 c6 6. 0-0 dxe5 7. dxe5 Nd7 8. Qd4 Bxf3 9. Bxf3 e6 10. Nd2 Qb6 11. Qxb6 N5xb6 12. Re1 g6 13. b3 Bg7 14. Bb2 0-0 15. Rad1 Rad8 16. g3 Nd5 17. Bxd5 cxd5 18. c4 Nb6 19. cxd5 Nxd5 20. Ne4 h6 21. Ba3 Rfe8 22. Nd6 Re7 23. f4 Red7 24. Rd3 f6 25. exf6 Bxf6 26. Rxe6 1-0

[Event "IECC O email"]
[Site "IECC email"]
[Date "1999.10.10"]
[Round "?"]
[White "Dooms, Stefan"]
[Black "Kilburn, Gene"]
[Result "1/2-1/2"]
[WhiteElo "1721"]
[BlackElo "1895"]
[PlyCount "65"]
[EventDate "1999.??.??"]
[EventType "tourn (corr)"]
[EventRounds "6"]
[SourceTitle "Corr 2008"]
[Source "ChessBase"]
[SourceDate "2008.06.24"]
[SourceVersion "1"]
[SourceVersionDate "2008.06.24"]
[SourceQuality "1"]

1. e4 c5 2. Nf3 Nc6 3. c4 e5 4. Be2 Bd6 5. Nc3 h6 6. d3 Bc7 7. 0-0 a6 8. Ne1 d6 9. f4 Nf6 10. f5 0-0 11. Nc2 Ba5 12. Nd5 b6 13. Nce3 Nd4 14. Bd2 Bxd2 15. Qxd2 Bb7 16. Nxf6+ Qxf6 17. Nc2 Nxc2 18. Qxc2 Rfb8 19. a4 Ra7 20. Ra3 Ba8 21. Qd2 a5 22. Raa1 Bc6 23. b3 Rba8 24. g4 Rc7 25. Qe3 Re8 26. Qg3 Qe7 27. h4 Ra7 28. Kf2 Rd8 29. Rh1 g6 30. Qe3 Kh7 31. Rag1 Bb7 32. h5 g5 33. Kg3 1/2-1/2

[Event "IECC M email"]
[Site "IECC email"]
[Date "1999.08.10"]
[Round "?"]
[White "Cashon, John J"]
[Black "Dooms, Stefan"]
[Result "1-0"]
[WhiteElo "1858"]
[BlackElo "1827"]
[PlyCount "49"]
[EventDate "1999.??.??"]
[EventType "tourn (corr)"]
[EventRounds "6"]
[SourceTitle "Corr 2008"]
[Source "ChessBase"]
[SourceDate "2008.06.24"]
[SourceVersion "1"]
[SourceVersionDate "2008.06.24"]
[SourceQuality "1"]

1. d4 d5 2. c4 c6 3. Nf3 Nf6 4. Nc3 e6 5. e3 Bd6 6. Bd3 Nbd7 7. e4 dxe4 8. Nxe4 Nxe4 9. Bxe4 Nf6 10. Bd3 0-0 11. 0-0 c5 12. dxc5 Bxc5 13. Qc2 h6 14. Bf4 Bd6 15. Bxd6 Qxd6 16. Rad1 Qc7 17. Rfe1 Bd7 18. b4 Bc6 19. Ne5 Rac8 20. a4 a6 21. Rc1 Rfd8 22. b5 Be8 23. Rcd1 axb5 24. axb5 Bxb5 25. cxb5 1-0

[Event "IECC CL3-1999.12"]
[Site "IECC email"]
[Date "1999.02.27"]
[Round "?"]
[White "Dooms, Stefan"]
[Black "Kuper, Marino"]
[Result "0-1"]
[WhiteElo "1841"]
[BlackElo "1963"]
[PlyCount "48"]
[EventDate "1999.??.??"]
[EventType "tourn (corr)"]
[EventRounds "4"]
[SourceTitle "Corr 2008"]
[Source "ChessBase"]
[SourceDate "2008.06.24"]
[SourceVersion "1"]
[SourceVersionDate "2008.06.24"]
[SourceQuality "1"]

1. e4 e5 2. Nf3 Nc6 3. Bb5 f5 4. d3 fxe4 5. dxe4 Nf6 6. 0-0 Bc5 7. Bxc6 bxc6 8. Nxe5 0-0 9. Bg5 Qe8 10. Bxf6 Rxf6 11. Nd3 Bd4 12. c3 Bb6 13. e5 Rf5 14. Nd2 Ba6 15. c4 Qf7 16. Qa4 Bc8 17. c5 Qd5 18. Qc4 Qxc4 19. Nxc4 Ba6 20. Rfc1 Ba5 21. b4 Bxb4 22. Nxb4 Bxc4 23. Rxc4 Rxe5 24. f4 Re2 0-1

[Event "IECC Trio 688 email"]
[Site "IECC email"]
[Date "1999.02.14"]
[Round "?"]
[White "Dooms, Stefan"]
[Black "Dijksman, Leo"]
[Result "0-1"]
[WhiteElo "1851"]
[BlackElo "1999"]
[PlyCount "80"]
[EventDate "1999.??.??"]
[EventType "tourn (corr)"]
[EventRounds "4"]
[SourceTitle "Corr 2008"]
[Source "ChessBase"]
[SourceDate "2008.06.24"]
[SourceVersion "1"]
[SourceVersionDate "2008.06.24"]
[SourceQuality "1"]

1. e4 e5 2. Nf3 Nc6 3. Bb5 a6 4. Ba4 Nf6 5. d3 Bc5 6. c3 b5 7. Bb3 d6 8. 0-0 0-0 9. h3 Be6 10. Re1 Bxb3 11. Qxb3 h6 12. Nbd2 Qd7 13. Nf1 Bb6 14. Be3 Bxe3 15. Rxe3 Nh5 16. Ng3 Nf4 17. Ne2 Ne6 18. Ng3 Rab8 19. a3 a5 20. Rae1 b4 21. axb4 axb4 22. Qc2 Rb5 23. Rb1 Ra8 24. Ree1 Rba5 25. Rec1 R5a7 26. Qd1 bxc3 27. bxc3 d5 28. Rb5 dxe4 29. dxe4 Qxd1+ 30. Rxd1 f6 31. Rbd5 Ra2 32. R5d2 R2a3 33. Rc2 Na7 34. Rd7 Rd8 35. Rxd8+ Nxd8 36. c4 Ne6 37. Rb2 Nc6 38. Nd2 Ncd4 39. f3 Kf7 40. Ngf1 Nc5 0-1

[Event "IECC M email"]
[Site "IECC email"]
[Date "1999.02.14"]
[Round "?"]
[White "Dooms, Stefan"]
[Black "Naeter, Burkhard"]
[Result "0-1"]
[WhiteElo "1821"]
[BlackElo "1931"]
[PlyCount "76"]
[EventDate "1999.??.??"]
[EventType "tourn (corr)"]
[EventRounds "6"]
[SourceTitle "Corr 2008"]
[Source "ChessBase"]
[SourceDate "2008.06.24"]
[SourceVersion "1"]
[SourceVersionDate "2008.06.24"]
[SourceQuality "1"]

1. e4 d5 2. exd5 Qxd5 3. Nc3 Qa5 4. Bc4 c6 5. d3 Bf5 6. Bd2 Nd7 7. Nf3 Ngf6 8. 0-0 e6 9. Nd5 Qd8 10. Nxf6+ Nxf6 11. h3 Bd6 12. Nh4 Bg6 13. Nxg6 hxg6 14. Re1 Nd5 15. Bxd5 cxd5 16. Bc3 Rh7 17. Qg4 Rh4 18. Qf3 d4 19. Bd2 Qb6 20. Rab1 Rc8 21. c4 Qc6 22. Qxc6+ Rxc6 23. b3 Kd7 24. a4 Rc5 25. b4 Rc8 26. Re2 b6 27. b5 e5 28. a5 e4 29. dxe4 Rxc4 30. axb6 axb6 31. Be1 Rh5 32. f3 Rhc5 33. Rd2 Bf4 34. Rd3 Be3+ 35. Bf2 Rc1+ 36. Rd1 Rxd1+ 37. Rxd1 Ke6 38. Rb1 f5 0-1

[Event "IECC M email"]
[Site "IECC email"]
[Date "1999.02.14"]
[Round "?"]
[White "Montalvo Torres, Juan Gilberto"]
[Black "Dooms, Stefan"]
[Result "1-0"]
[WhiteElo "1750"]
[BlackElo "1841"]
[PlyCount "33"]
[EventDate "1999.??.??"]
[EventType "tourn (corr)"]
[EventRounds "6"]
[SourceTitle "Corr 2008"]
[Source "ChessBase"]
[SourceDate "2008.06.24"]
[SourceVersion "1"]
[SourceVersionDate "2008.06.24"]
[SourceQuality "1"]

1. e4 Nf6 2. e5 Nd5 3. d4 d6 4. Nf3 Bg4 5. Be2 e6 6. c4 Nb6 7. exd6 cxd6 8. Nbd2 Be7 9. 0-0 Nc6 10. h3 Bh5 11. b3 0-0 12. Bb2 d5 13. c5 Nd7 14. a3 a5 15. b4 axb4 16. axb4 Rxa1 17. Bxa1 1-0